| 000 -CABECERA |
| Longitud fija campo de control |
00693nam a22001937a 4500 |
| 003 - IDENTIFICADOR DEL NÚMERO DE CONTROL |
| Identificador del número de control |
OSt |
| 005 - FECHA Y HORA DE LA ÚLTIMA TRANSACCIÓN |
| Fecha y hora de la última transacción |
20170424171003.0 |
| 008 - CÓDIGOS DE INFORMACIÓN DE LONGITUD FIJA |
| Códigos de información de longitud fija |
170424s sp |||||| |00| ||spa|d |
| 017 ## - NÚMERO DE COPYRIGHT O DE DEPÓSITO LEGAL |
| Número de copyright o de depósito legal |
DL M. 15771-1995 |
| 020 ## - NÚMERO INTERNACIONAL NORMALIZADO PARA LIBROS |
| Número Internacional Normalizado para Libros (ISBN) |
843092647X |
| 040 ## - FUENTE DE LA CATALOGACIÓN |
| Centro catalogador de origen |
ES-BaCBU |
| Lengua de catalogación |
cat |
| Centro transcriptor |
CDMR |
| 100 1# - PUNTO DE ACCESO PRINCIPAL-NOMBRE DE PERSONA |
| Nombre de persona |
Villaverde Menéndez, Ignacio, |
| Fechas asociadas al nombre |
1965- |
| 245 14 - MENCIÓN DE TÍTULO |
| Título |
Los derechos del público : el derecho a recibir información del artículo 20.1.d) de la Constitución Española de 1978 |
| Mención de responsabilidad, etc. |
/ Ignacio Villaverde Menéndez |
| 260 ## - PUBLICACIÓN, DISTRIBUCIÓN, ETC. (PIE DE IMPRENTA) |
| Nombre del editor, distribuidor, etc. |
Tecnos, |
| Fecha de publicación, distribución, etc. |
1995 |
| Lugar de publicación, distribución, etc. |
Madrid: |
| 610 14 - PUNTO DE ACCESO ADICIONAL DE MATERIA - NOMBRE DE ENTIDAD CORPORATIVA |
| 9 (RLIN) |
3827 |
| Nombre de entidad corporativa o nombre de jurisdicción como elemento inicial |
Espanya |
| Título de la obra |
Constitución (1978) |
| 650 07 - PUNTO DE ACCESO ADICIONAL DE MATERIA - TÉRMINO DE MATERIA |
| Término de materia o nombre geográfico como elemento inicial |
Llibertat d'informació |
| Subdivisión geográfica |
Espanya |
| Fuente del encabezamiento o término |
lemac |
| 9 (RLIN) |
1574 |
| 650 04 - PUNTO DE ACCESO ADICIONAL DE MATERIA - TÉRMINO DE MATERIA |
| Término de materia o nombre geográfico como elemento inicial |
Opinió pública |
| Subdivisión geográfica |
Espanya |
| 9 (RLIN) |
2537 |
| 942 ## - ENTRADA DE ELEMENTOS AGREGADOS (KOHA) |
| Koha [por defecto] tipo de item |
Monografies |